<?xml version="1.0" encoding="UTF-8"?>
<record
    xmlns:xsi="http://www.w3.org/2001/XMLSchema-instance"
    xsi:schemaLocation="http://www.loc.gov/MARC21/slim http://www.loc.gov/standards/marcxml/schema/MARC21slim.xsd"
    xmlns="http://www.loc.gov/MARC21/slim">

  <leader>00540nam a2200157Ia 4500</leader>
  <controlfield tag="001">6530</controlfield>
  <controlfield tag="008">260427s9999    xx            000 0 und d</controlfield>
  <datafield tag="245" ind1=" " ind2="0">
    <subfield code="a">Allan Sekula: Photography at Work/ </subfield>
    <subfield code="c">Text: Marie Muracciole</subfield>
  </datafield>
  <datafield tag="260" ind1=" " ind2=" ">
    <subfield code="b">Beirut Art Center; </subfield>
    <subfield code="c">2017</subfield>
  </datafield>
  <datafield tag="300" ind1=" " ind2=" ">
    <subfield code="a">40p; </subfield>
    <subfield code="c">30x22cm</subfield>
    <subfield code="e">20 page insert</subfield>
  </datafield>
  <datafield tag="520" ind1=" " ind2=" ">
    <subfield code="a">Exhibition catalog. 28 June- 29 September 2017 @ Beirut Art Center. Curator and Editor: Marie Muracciole. </subfield>
  </datafield>
  <datafield tag="546" ind1=" " ind2=" ">
    <subfield code="a">English; Arabic</subfield>
  </datafield>
  <datafield tag="650" ind1=" " ind2=" ">
    <subfield code="a">TR624-835 Technology- Applied Photography</subfield>
  </datafield>
  <datafield tag="651" ind1=" " ind2=" ">
    <subfield code="a">USA</subfield>
  </datafield>
  <datafield tag="942" ind1=" " ind2=" ">
    <subfield code="c">BK</subfield>
  </datafield>
  <datafield tag="999" ind1=" " ind2=" ">
    <subfield code="c">6530</subfield>
    <subfield code="d">6530</subfield>
  </datafield>
  <datafield tag="952" ind1=" " ind2=" ">
    <subfield code="0">0</subfield>
    <subfield code="1">0</subfield>
    <subfield code="4">0</subfield>
    <subfield code="7">0</subfield>
    <subfield code="8">T</subfield>
    <subfield code="a">SAFL</subfield>
    <subfield code="b">SAFL</subfield>
    <subfield code="d">2026-04-27</subfield>
    <subfield code="l">0</subfield>
    <subfield code="o">TR624-835 218.45</subfield>
    <subfield code="p">6530</subfield>
    <subfield code="r">2026-04-27</subfield>
    <subfield code="w">2026-04-27</subfield>
    <subfield code="y">BK</subfield>
  </datafield>
</record>
